[Event "Budapest Vezerkepzo IM 07"]
[Site "Budapest"]
[Date "2024.07.15"]
[Round "6"]
[White "To, Nhat Minh"]
[Black "Pang, Ethan"]
[Result "1/2-1/2"]
[WhiteElo "2323"]
[BlackElo "2212"]
[PlyCount "71"]
[EventDate "2024.07.12"]
[EventType "tourn"]
[EventRounds "9"]
[EventCountry "HUN"]
[SourceTitle "CBM 221 Extra"]
[Source "ChessBase"]
[SourceDate "2024.09.30"]
[SourceVersion "1"]
[SourceVersionDate "2024.09.30"]
[SourceQuality "1"]

1. d4 d5 2. c4 dxc4 3. Nf3 Nf6 4. e3 e6 5. Bxc4 c5 6. 0-0 Nc6 7. Nc3 cxd4 8. exd4 Be7 9. Bg5 0-0 10. Re1 h6 11. Bh4 Nh5 12. Bxe7 Nxe7 13. d5 exd5 14. Nxd5 Nxd5 15. Qxd5 Qxd5 16. Bxd5 Nf4 17. Be4 Be6 18. g3 Nh3+ 19. Kg2 Ng5 20. Nxg5 hxg5 21. b3 Rab8 22. Red1 b6 23. Bd5 Bf5 24. Rac1 Rfd8 25. f3 g4 26. Kf2 gxf3 27. Kxf3 Kf8 28. Kf4 Bg6 29. b4 Rbc8 30. Bb3 Ke7 31. Rxd8 Rxd8 32. Rc7+ Rd7 33. Rxd7+ Kxd7 34. Ke5 f6+ 35. Kd4 Kd6 36. a3 1/2-1/2